[Event "Budapest-chT1 Lilienthal 1213"]
[Site "Budapest"]
[Date "2013.04.14"]
[Round "10"]
[White "Adam, Gyorgy"]
[Black "Palotai, Piroska"]
[Result "1-0"]
[WhiteElo "2047"]
[BlackElo "2103"]
[PlyCount "75"]
[EventDate "2012.09.30"]
[EventType "team-tourn"]
[EventRounds "11"]
[EventCountry "HUN"]
[SourceTitle "EXT 2019"]
[Source "ChessBase"]
[SourceDate "2018.10.10"]
[SourceVersion "1"]
[SourceVersionDate "2018.10.10"]
[SourceQuality "1"]
[WhiteTeam "Barcza GSC"]
[BlackTeam "Budapest Honved"]
[WhiteTeamCountry "HUN"]
[BlackTeamCountry "HUN"]

1. e4 e5 2. Nf3 Nc6 3. Nc3 Nf6 4. Bb5 d6 5. d4 exd4 6. Nxd4 Bd7 7. Nxc6 Bxc6 8. Bxc6+ bxc6 9. 0-0 Be7 10. Re1 0-0 11. e5 dxe5 12. Rxe5 Qxd1+ 13. Nxd1 Bd6 14. Re1 Rfe8 15. Rxe8+ Rxe8 16. Ne3 Nd5 17. Bd2 Bc5 18. Re1 Nxe3 19. Bxe3 f5 20. Kf1 Bxe3 21. fxe3 Rd8 22. Ke2 Kf7 23. Rf1 Ke6 24. Rf4 a5 25. Rc4 Kd6 26. Rd4+ Ke7 27. Rxd8 Kxd8 28. Kd3 Kd7 29. Kc4 Kd6 30. a4 g5 31. b4 c5 32. bxa5 Kc6 33. g3 h5 34. c3 h4 35. gxh4 f4 36. hxg5 f3 37. Kd3 Kd5 38. a6 1-0

[Event "HUN-chT2 Charousek 1213"]
[Site "Hungary"]
[Date "2013.01.27"]
[Round "6"]
[White "Farkas, Zsolt"]
[Black "Palotai, Piroska"]
[Result "1/2-1/2"]
[WhiteElo "2171"]
[BlackElo "2103"]
[PlyCount "41"]
[EventDate "2012.09.16"]
[EventType "team-tourn"]
[EventRounds "11"]
[EventCountry "HUN"]
[SourceTitle "EXT 2014"]
[Source "ChessBase"]
[SourceDate "2013.11.20"]
[SourceVersion "1"]
[SourceVersionDate "2013.11.20"]
[SourceQuality "1"]
[WhiteTeam "Csuti"]
[BlackTeam "Kobanya Aquarena"]
[WhiteTeamCountry "HUN"]
[BlackTeamCountry "HUN"]

1. e4 e5 2. Nc3 Nf6 3. f4 d5 4. fxe5 Nxe4 5. d3 Nxc3 6. bxc3 d4 7. Nf3 c5 8. Be2 Be7 9. 0-0 0-0 10. Qe1 Nc6 11. Qg3 f6 12. Bh6 Rf7 13. exf6 Bxf6 14. Ng5 Rf8 15. Ne4 Be5 16. Bf4 Bxf4 17. Rxf4 Rxf4 18. Qxf4 dxc3 19. Nxc3 Qd4+ 20. Qxd4 Nxd4 21. Bd1 1/2-1/2

[Event "Budapest-chT1 Lilienthal 1213"]
[Site "Budapest"]
[Date "2012.09.30"]
[Round "1"]
[White "Makai, Gyorgy"]
[Black "Palotai, Piroska"]
[Result "0-1"]
[WhiteElo "1964"]
[BlackElo "2103"]
[PlyCount "62"]
[EventDate "2012.09.30"]
[EventType "team-tourn"]
[EventRounds "11"]
[EventCountry "HUN"]
[SourceTitle "EXT 2019"]
[Source "ChessBase"]
[SourceDate "2018.10.10"]
[SourceVersion "1"]
[SourceVersionDate "2018.10.10"]
[SourceQuality "1"]
[WhiteTeam "Budapest RAC"]
[BlackTeam "Budapest Honved"]
[WhiteTeamCountry "HUN"]
[BlackTeamCountry "HUN"]

1. d4 Nf6 2. Nf3 g6 3. Nbd2 Bg7 4. e4 d6 5. Bd3 0-0 6. 0-0 c5 7. Nb3 Qc7 8. c4 b5 9. cxb5 Bg4 10. dxc5 dxc5 11. e5 Nd5 12. Be4 e6 13. Bxd5 exd5 14. Qxd5 Nd7 15. Bf4 Bxf3 16. gxf3 Bxe5 17. Bxe5 Nxe5 18. Rfe1 Rfe8 19. Re3 c4 20. Rc1 Rad8 21. Qc5 Qb8 22. Na5 Nd3 23. Qxc4 Nxc1 24. Nc6 Rxe3 25. Nxb8 Re1+ 26. Kg2 Rxb8 27. Qc7 Rbe8 28. Qxa7 Ne2 29. b6 Rg1+ 30. Kh3 Nf4+ 31. Kh4 g5# 0-1

[Event "HUN-chT2 Maroczy 0506"]
[Site "Hungary"]
[Date "2006.01.22"]
[Round "6"]
[White "Palotai, Piroska"]
[Black "Szatmary, Revay Jozsef"]
[Result "1/2-1/2"]
[WhiteElo "2116"]
[BlackElo "2112"]
[PlyCount "113"]
[EventDate "2005.10.16"]
[EventType "team"]
[EventRounds "11"]
[EventCountry "HUN"]
[SourceTitle "EXT 2009"]
[Source "ChessBase"]
[SourceDate "2008.11.26"]
[SourceVersion "1"]
[SourceVersionDate "2008.11.26"]
[SourceQuality "1"]
[WhiteTeam "Honved II"]
[BlackTeam "Matra"]
[WhiteTeamCountry "HUN"]
[BlackTeamCountry "HUN"]

1. e4 c6 2. c4 d5 3. exd5 cxd5 4. cxd5 Qxd5 5. Nc3 Qd8 6. Nf3 Nf6 7. h3 e6 8. d4 Nc6 9. Bd3 Bd7 10. Bg5 Be7 11. 0-0 Nb4 12. Bb1 Nbd5 13. Ne5 0-0 14. Qd3 Nb4 15. Qd2 Nfd5 16. Bxe7 Qxe7 17. a3 Nxc3 18. bxc3 Nc6 19. Nxd7 Qxd7 20. Be4 Rad8 21. Rfd1 b6 22. Qd3 g6 23. Ra2 Qd6 24. Rad2 Ne7 25. c4 Rc8 26. Rc2 Rfd8 27. c5 bxc5 28. dxc5 Qb8 29. Qf1 Rxd1 30. Qxd1 Qe5 31. Qd3 Nd5 32. g3 Nf6 33. Bf3 Rxc5 34. Kg2 Rxc2 35. Qxc2 Qa5 36. Qb2 Nd7 37. Bc6 Ne5 38. Qb8+ Kg7 39. Qb2 Qc7 40. Be4 f6 41. Qd4 Nd7 42. Bf3 Nc5 43. Qc4 Qd6 44. a4 Nd3 45. Qc3 g5 46. a5 Nc5 47. h4 gxh4 48. gxh4 Nd3 49. Bb7 Nf4+ 50. Kf3 Nd5 51. Qd2 Qh2 52. Bxd5 Qh1+ 53. Ke3 exd5 54. Qb4 Qh3+ 55. Kd2 Kg6 56. Qd4 Qd7 57. Qd3+ 1/2-1/2

[Event "HUN-chT2 Maroczy 0506"]
[Site "Hungary"]
[Date "2005.11.13"]
[Round "3"]
[White "Palotai, Piroska"]
[Black "Lorinc, Sandor"]
[Result "1-0"]
[WhiteElo "2116"]
[BlackElo "2181"]
[PlyCount "53"]
[EventDate "2005.10.16"]
[EventType "team"]
[EventRounds "11"]
[EventCountry "HUN"]
[SourceTitle "EXT 2009"]
[Source "ChessBase"]
[SourceDate "2008.11.26"]
[SourceVersion "1"]
[SourceVersionDate "2008.11.26"]
[SourceQuality "1"]
[WhiteTeam "Honved II"]
[BlackTeam "Koszolg"]
[WhiteTeamCountry "HUN"]
[BlackTeamCountry "HUN"]

1. e4 c5 2. Nf3 e6 3. d4 cxd4 4. Nxd4 a6 5. Be3 Nf6 6. Bd3 Nc6 7. c4 Qc7 8. 0-0 Ne5 9. h3 Bc5 10. Qe2 0-0 11. Nd2 d5 12. cxd5 exd5 13. Rac1 dxe4 14. Nxe4 Nxe4 15. Bxe4 Qb6 16. Qh5 f5 17. Nxf5 Bxf5 18. Bxc5 g6 19. Bd5+ Kh8 20. Bxb6 gxh5 21. Bd4 Kg7 22. Bxe5+ Kg6 23. Bxb7 Rae8 24. Rc6+ Kg5 25. f4+ Kh4 26. Kh2 Rg8 27. Bf6+ 1-0

[Event "HUN-chT2 Charousek 0405"]
[Site "Hungary"]
[Date "2005.04.24"]
[Round "11"]
[White "Palotai, Piroska"]
[Black "Haag, Ervin"]
[Result "1/2-1/2"]
[WhiteElo "2099"]
[BlackElo "2341"]
[PlyCount "34"]
[EventDate "2004.09.26"]
[EventType "team"]
[EventRounds "11"]
[EventCountry "HUN"]
[SourceTitle "EXT 2008"]
[Source "ChessBase"]
[SourceDate "2007.11.25"]
[SourceVersion "1"]
[SourceVersionDate "2007.11.25"]
[SourceQuality "1"]
[WhiteTeam "Szentendre"]
[BlackTeam "Taban Spartacus"]
[WhiteTeamCountry "HUN"]
[BlackTeamCountry "HUN"]

1. c4 c5 2. Nc3 g6 3. g3 Bg7 4. Bg2 Nc6 5. d3 e6 6. e3 Nge7 7. Nge2 0-0 8. 0-0 Nf5 9. Rb1 Rb8 10. a3 a5 11. Bd2 b6 12. Qc2 Bb7 13. Nf4 Ba8 14. Rfd1 h5 15. Nb5 h4 16. Bc3 hxg3 17. hxg3 e5 1/2-1/2

[Event "HUN-chT2 Charousek 0405"]
[Site "Hungary"]
[Date "2004.11.21"]
[Round "3"]
[White "Palotai, Piroska"]
[Black "Soos, Lajos"]
[Result "1/2-1/2"]
[WhiteElo "2099"]
[BlackElo "2201"]
[PlyCount "67"]
[EventDate "2004.09.26"]
[EventType "team"]
[EventRounds "11"]
[EventCountry "HUN"]
[SourceTitle "EXT 2008"]
[Source "ChessBase"]
[SourceDate "2007.11.25"]
[SourceVersion "1"]
[SourceVersionDate "2007.11.25"]
[SourceQuality "1"]
[WhiteTeam "Szentendre"]
[BlackTeam "Lenti"]
[WhiteTeamCountry "HUN"]
[BlackTeamCountry "HUN"]

1. e4 e5 2. Nf3 Nf6 3. Nxe5 d6 4. Nf3 Nxe4 5. d4 d5 6. Bd3 Nc6 7. c3 Be7 8. Nbd2 Bf5 9. Qc2 Nxd2 10. Bxf5 Nxf3+ 11. gxf3 Qd6 12. Bd2 g6 13. Bd3 0-0-0 14. 0-0-0 Bh4 15. Be3 f5 16. f4 Kb8 17. Rde1 Ne7 18. Qe2 Nc8 19. Kb1 Nb6 20. Bc1 Qc6 21. Bb5 Qd6 22. Rhf1 a6 23. Bd3 Qc6 24. Qf3 Rde8 25. Re5 Bf6 26. Rxe8+ Rxe8 27. Qg3 Nc4 28. h4 Re6 29. h5 Qe8 30. hxg6 hxg6 31. Bxc4 dxc4 32. Be3 Rb6 33. Qf3 Qb5 34. Qe2 1/2-1/2

[Event "HUN-chT2 Charousek 0405"]
[Site "Hungary"]
[Date "2004.10.10"]
[Round "2"]
[White "Marodi, Matyas"]
[Black "Palotai, Piroska"]
[Result "1/2-1/2"]
[WhiteElo "2158"]
[BlackElo "2099"]
[PlyCount "109"]
[EventDate "2004.09.26"]
[EventType "team"]
[EventRounds "11"]
[EventCountry "HUN"]
[SourceTitle "EXT 2008"]
[Source "ChessBase"]
[SourceDate "2007.11.25"]
[SourceVersion "1"]
[SourceVersionDate "2007.11.25"]
[SourceQuality "1"]
[WhiteTeam "Decs"]
[BlackTeam "Szentendre"]
[WhiteTeamCountry "HUN"]
[BlackTeamCountry "HUN"]

1. c4 c5 2. Nc3 Nc6 3. Nf3 g6 4. g3 Bg7 5. Bg2 Nf6 6. 0-0 0-0 7. b3 e5 8. Bb2 Rb8 9. d3 d6 10. Nd2 a6 11. a3 Bd7 12. Nd5 b5 13. f4 bxc4 14. Nxc4 Nxd5 15. Bxd5 Qc7 16. fxe5 Nxe5 17. Nxe5 dxe5 18. Qc2 Rbd8 19. e4 Bh3 20. Rf2 Rxd5 21. exd5 Qd6 22. Qc4 Rd8 23. Qh4 Bf5 24. g4 Bxd3 25. Rd1 e4 26. Bf6 Bxf6 27. Qxf6 Qxf6 28. Rxf6 Rxd5 29. Rxa6 Rg5 30. Ra8+ Kg7 31. h3 h5 32. Kf2 hxg4 33. hxg4 Rxg4 34. Rc8 Rf4+ 35. Kg2 Bc2 36. Rd2 Bxb3 37. Rxc5 Be6 38. Rc3 Kf6 39. Re3 g5 40. a4 Ke5 41. a5 f5 42. Rg3 g4 43. a6 Bc8 44. Ra2 Rf3 45. a7 Rxg3+ 46. Kxg3 f4+ 47. Kf2 g3+ 48. Kg2 Bb7 49. a8Q Bxa8 50. Rxa8 Kd4 51. Rf8 Ke3 52. Rf7 Kd2 53. Rxf4 e3 54. Kxg3 e2 55. Rd4+ 1/2-1/2

[Event "HUN-chT 0304"]
[Site "Hungary"]
[Date "2004.04.18"]
[Round "11"]
[White "Palotai, Piroska"]
[Black "Forgo, Eva"]
[Result "0-1"]
[WhiteElo "2088"]
[BlackElo "2203"]
[PlyCount "94"]
[EventDate "2003.09.28"]
[EventType "team"]
[EventRounds "11"]
[EventCountry "HUN"]
[SourceTitle "EXT 2006"]
[Source "ChessBase"]
[SourceDate "2005.11.24"]
[SourceVersion "1"]
[SourceVersionDate "2005.11.24"]
[SourceQuality "1"]

1. e4 e5 2. Nf3 Nc6 3. Bb5 a6 4. Ba4 Nf6 5. 0-0 Be7 6. Re1 b5 7. Bb3 d6 8. c3 Na5 9. Bc2 c5 10. h3 0-0 11. d4 Qc7 12. Nbd2 Bd7 13. Nf1 cxd4 14. cxd4 Rfc8 15. Bb1 Nc4 16. Ng3 Bf8 17. Qd3 g6 18. b3 Na5 19. Bd2 Nc6 20. a4 Nxd4 21. Nxd4 exd4 22. Qxd4 Bg7 23. Ra2 Be6 24. Rc2 Nd7 25. Qb4 Qb7 26. Qxd6 Bxb3 27. Rxc8+ Rxc8 28. a5 Qc6 29. Qf4 Be5 30. Qe3 Bc4 31. Bc3 Be6 32. Bd4 Bxd4 33. Qxd4 Qc3 34. Qd1 Qxa5 35. Ne2 Qb6 36. Nd4 Ne5 37. Nxe6 Qxe6 38. Qd4 a5 39. Rd1 b4 40. Qa7 Qb3 41. Rf1 a4 42. f4 Nc4 43. Qd7 Rf8 44. f5 Qe3+ 45. Rf2 a3 46. Qd5 Qe1+ 47. Rf1 Qxf1+ 0-1

[Event "HUN-chT2 Erkel 0304"]
[Site "Hungary"]
[Date "2004.04.04"]
[Round "10"]
[White "Koltanyi, Imre"]
[Black "Palotai, Piroska"]
[Result "0-1"]
[WhiteElo "2124"]
[BlackElo "2088"]
[PlyCount "66"]
[EventDate "2003.09.28"]
[EventType "team"]
[EventRounds "11"]
[EventCountry "HUN"]
[SourceTitle "EXT 2009"]
[Source "ChessBase"]
[SourceDate "2008.11.26"]
[SourceVersion "1"]
[SourceVersionDate "2008.11.26"]
[SourceQuality "1"]
[WhiteTeam "Garancia"]
[BlackTeam "Honved II"]
[WhiteTeamCountry "HUN"]
[BlackTeamCountry "HUN"]

1. e4 e5 2. Nf3 Nc6 3. Bc4 Nf6 4. Ng5 d5 5. exd5 Na5 6. Bb5+ Bd7 7. Qe2 Bd6 8. d4 0-0 9. Bd3 exd4 10. 0-0 c5 11. c4 b6 12. Nd2 Bxh2+ 13. Kh1 Bf4 14. Nde4 Bxc1 15. Raxc1 g6 16. f4 Ng4 17. Rf3 h6 18. Rg3 f5 19. Ne6 Bxe6 20. dxe6 Qe7 21. Rxg4 fxg4 22. Qxg4 Kh7 23. Ng3 Rg8 24. Re1 Raf8 25. f5 gxf5 26. Bxf5+ Kh8 27. Qh3 Rf6 28. Re5 Nxc4 29. Rd5 Nd6 30. Ne4 Nxf5 31. Nxf6 Ng3+ 32. Kh2 Qxf6 33. Rd7 Qf4 0-1

[Event "HUN-chT 0304"]
[Site "Hungary"]
[Date "2004.02.22"]
[Round "8"]
[White "Sipos, Istvan"]
[Black "Palotai, Piroska"]
[Result "1-0"]
[WhiteElo "2248"]
[BlackElo "2088"]
[PlyCount "121"]
[EventDate "2003.09.28"]
[EventType "team"]
[EventRounds "11"]
[EventCountry "HUN"]
[SourceTitle "EXT 2006"]
[Source "ChessBase"]
[SourceDate "2005.11.24"]
[SourceVersion "1"]
[SourceVersionDate "2005.11.24"]
[SourceQuality "1"]

1. e4 e5 2. f4 exf4 3. Bc4 d6 4. d4 Nf6 5. Nc3 Be7 6. Bxf4 0-0 7. Qd3 c6 8. Bb3 b5 9. a3 a5 10. Qf3 Qb6 11. e5 Ne8 12. Nge2 Bb7 13. Qg3 d5 14. h4 a4 15. Ba2 b4 16. axb4 Bxb4 17. 0-0 a3 18. Rab1 Qa5 19. bxa3 Qxa3 20. Bb3 Qa5 21. e6 Na6 22. exf7+ Rxf7 23. Be5 Qd8 24. Ne4 Bc8 25. Rxf7 Kxf7 26. Rf1+ Kg8 27. h5 Ra7 28. h6 Bf8 29. Nf4 Qd7 30. hxg7 Bxg7 31. Nh5 Qg4 32. Qxg4 Bxg4 33. Nxg7 Rxg7 34. Bxg7 Kxg7 35. Nf2 Bf5 36. Ba4 Nf6 37. c3 c5 38. Re1 cxd4 39. cxd4 Nb4 40. Re7+ Kg6 41. Rb7 Nc2 42. Bxc2 Bxc2 43. Re7 Bb1 44. Re5 Ba2 45. Nd3 Bc4 46. Nf4+ Kf7 47. Rf5 Ke7 48. Rg5 Kf7 49. Nh5 Nxh5 50. Rxh5 Kg6 51. Re5 Kf6 52. Kf2 Kg6 53. g3 Kf6 54. Ke3 Kg6 55. Kf4 Kf6 56. Rf5+ Kg6 57. Ke5 Bd3 58. Rf4 Bc4 59. Rf8 h5 60. Rg8+ Kf7 61. Rg5 1-0

[Event "Zuzmara op"]
[Site "Aggtelek"]
[Date "2004.02.06"]
[Round "5"]
[White "Ruszin, Anna"]
[Black "Palotai, Piroska"]
[Result "0-1"]
[WhiteElo "1949"]
[BlackElo "2088"]
[PlyCount "42"]
[EventDate "2004.02.04"]
[EventType "swiss"]
[EventRounds "7"]
[EventCountry "HUN"]
[SourceTitle "EXT 2008"]
[Source "ChessBase"]
[SourceDate "2007.11.25"]
[SourceVersion "1"]
[SourceVersionDate "2007.11.25"]
[SourceQuality "1"]

1. e4 e5 2. f4 exf4 3. Nf3 h6 4. d4 g5 5. h4 Bg7 6. Nc3 d6 7. Bc4 Bg4 8. Be2 c6 9. b3 Qb6 10. Na4 Qa5+ 11. Bd2 Qd8 12. Bc3 Nd7 13. hxg5 hxg5 14. Rxh8 Bxh8 15. Kf2 b5 16. Nb2 Bxf3 17. Bxf3 Qb6 18. Qd2 b4 19. Nc4 bxc3 20. Nxb6 cxd2 21. Nxa8 Bxd4+ 0-1

[Event "Zuzmara op"]
[Site "Aggtelek"]
[Date "2004.02.04"]
[Round "1"]
[White "Varadi, Viktor"]
[Black "Palotai, Piroska"]
[Result "1/2-1/2"]
[WhiteElo "2399"]
[BlackElo "2088"]
[PlyCount "89"]
[EventDate "2004.02.04"]
[EventType "swiss"]
[EventRounds "7"]
[EventCountry "HUN"]
[SourceTitle "EXT 2008"]
[Source "ChessBase"]
[SourceDate "2007.11.25"]
[SourceVersion "1"]
[SourceVersionDate "2007.11.25"]
[SourceQuality "1"]

1. e4 e5 2. Nf3 Nc6 3. Bb5 Nf6 4. 0-0 Nxe4 5. d4 Nd6 6. Bxc6 dxc6 7. dxe5 Nf5 8. Qe2 Nd4 9. Nxd4 Qxd4 10. Rd1 Qg4 11. f3 Qg6 12. Be3 Be7 13. c4 0-0 14. Nc3 Bf5 15. Rd2 Rad8 16. Rad1 h5 17. c5 Qe6 18. Bf2 f6 19. exf6 Qxe2 20. Nxe2 Bxf6 21. Rxd8 Rxd8 22. Rxd8+ Bxd8 23. Ng3 Bb1 24. Nxh5 Bxa2 25. Bd4 g6 26. Bf6 Bxf6 27. Nxf6+ Kf7 28. Ne4 Bb1 29. Kf2 a5 30. Ke3 b5 31. cxb6 cxb6 32. Nd6+ Ke6 33. Nc4 b5 34. Nxa5 Kd5 35. b4 c5 36. bxc5 Kxc5 37. Nb3+ Kd5 38. h4 b4 39. g4 Ba2 40. Nd2 Ke5 41. f4+ Kf6 42. Ne4+ Ke6 43. Kd4 Ke7 44. h5 gxh5 45. gxh5 1/2-1/2

[Event "HUN-chT2 Erkel 0304"]
[Site "Hungary"]
[Date "2003.09.28"]
[Round "1"]
[White "Bakos, Levente"]
[Black "Palotai, Piroska"]
[Result "0-1"]
[WhiteElo "1946"]
[BlackElo "2088"]
[PlyCount "104"]
[EventDate "2003.09.28"]
[EventType "team"]
[EventRounds "11"]
[EventCountry "HUN"]
[SourceTitle "EXT 2009"]
[Source "ChessBase"]
[SourceDate "2008.11.26"]
[SourceVersion "1"]
[SourceVersionDate "2008.11.26"]
[SourceQuality "1"]
[WhiteTeam "Heves"]
[BlackTeam "Honved II"]
[WhiteTeamCountry "HUN"]
[BlackTeamCountry "HUN"]

1. e4 e5 2. d4 exd4 3. c3 dxc3 4. Bc4 d6 5. Nxc3 Nf6 6. Nf3 Be7 7. 0-0 0-0 8. Nd4 Nc6 9. a3 Nxd4 10. Qxd4 Be6 11. Be3 Ng4 12. Nd5 Nxe3 13. Nxe3 Bf6 14. Qd2 Bxc4 15. Nxc4 Qe7 16. Qc2 Rfe8 17. Rfe1 d5 18. Nd2 Rad8 19. g3 d4 20. e5 Bxe5 21. f4 d3 22. Qa4 Qc5+ 23. Kf1 Qc2 24. Qxc2 dxc2 25. Nc4 Bf6 26. Rxe8+ Rxe8 27. Rc1 b5 28. Ne5 Bxe5 29. fxe5 Rxe5 30. Rxc2 c5 31. Rd2 g6 32. Rd7 a6 33. Rd6 Re6 34. Rd5 c4 35. a4 bxa4 36. Ra5 Rb6 37. Rxa4 Rxb2 38. Rxc4 Ra2 39. h3 h5 40. Kg1 Kg7 41. Rc6 a5 42. Ra6 a4 43. Kh1 g5 44. Kg1 f6 45. Kh1 Kg6 46. Kg1 Kf5 47. Kh1 h4 48. gxh4 gxh4 49. Ra5+ Kf4 50. Rh5 Kg3 51. Rf5 Ra1+ 52. Rf1 Rxf1# 0-1

[Event "HUN-chT 0203"]
[Site "Hungary"]
[Date "2003.04.06"]
[Round "10.12"]
[White "Schneider, Veronika"]
[Black "Palotai, Piroska"]
[Result "1-0"]
[WhiteElo "2117"]
[BlackElo "2102"]
[PlyCount "93"]
[EventDate "2002.09.22"]
[EventType "team"]
[EventRounds "11"]
[EventCountry "HUN"]
[SourceTitle "EXT 2004"]
[Source "ChessBase"]
[SourceDate "2003.11.25"]
[SourceVersion "1"]
[SourceVersionDate "2003.11.25"]
[SourceQuality "1"]
[WhiteTeam "Godollo"]
[BlackTeam "Honved Spectrum"]
[WhiteTeamCountry "HUN"]
[BlackTeamCountry "HUN"]

1. e4 e5 2. Nf3 Nc6 3. Bc4 Nf6 4. d3 d6 5. Ng5 d5 6. exd5 Na5 7. Bd2 Nxc4 8. dxc4 h6 9. Nf3 e4 10. Qe2 Bd6 11. h3 0-0 12. Nd4 Be5 13. c3 Qd6 14. Be3 c6 15. dxc6 bxc6 16. Nd2 Rb8 17. N2b3 Ba6 18. c5 Bxe2 19. cxd6 Bb5 20. a4 Bd3 21. Nxc6 Bxc3+ 22. bxc3 Rxb3 23. Bd4 Nd7 24. Nb4 Bc4 25. a5 a6 26. Kd1 f5 27. Kc2 Rb8 28. Rhb1 Rxb1 29. Rxb1 Kf7 30. Re1 Ke6 31. f3 Kxd6 32. fxe4 fxe4 33. Rxe4 Rb5 34. Be3 Be6 35. Rd4+ Ke7 36. Bxh6 Bf5+ 37. Kd2 Ne5 38. Bf4 Ke6 39. Bxe5 Kxe5 40. g4 Bb1 41. Ke3 g5 42. Nc6+ Kf6 43. Rb4 Rc5 44. Rxb1 Rxc3+ 45. Kd4 Rxc6 46. Rb6 Re6 47. Kd5 1-0

[Event "HUN-chT 0203"]
[Site "Hungary"]
[Date "2003.03.22"]
[Round "8.12"]
[White "Magyar, Andras"]
[Black "Palotai, Piroska"]
[Result "1-0"]
[WhiteElo "2159"]
[BlackElo "2102"]
[PlyCount "45"]
[EventDate "2002.09.22"]
[EventType "team"]
[EventRounds "11"]
[EventCountry "HUN"]
[SourceTitle "EXT 2004"]
[Source "ChessBase"]
[SourceDate "2003.11.25"]
[SourceVersion "1"]
[SourceVersionDate "2003.11.25"]
[SourceQuality "1"]
[WhiteTeam "Haladas"]
[BlackTeam "Honved Spectrum"]
[WhiteTeamCountry "HUN"]
[BlackTeamCountry "HUN"]

1. e4 e5 2. Nf3 Nc6 3. Bb5 Nf6 4. d4 exd4 5. 0-0 a6 6. Ba4 Be7 7. Re1 0-0 8. e5 Nd5 9. c3 Nb6 10. Bc2 dxc3 11. Nxc3 d6 12. exd6 Qxd6 13. Qe2 Be6 14. Ne4 Nd4 15. Nxd4 Qxd4 16. Be3 Qe5 17. f4 Qb5 18. Qf2 Nc4 19. Bd4 Nd6 20. Nc5 Bd8 21. Qg3 g6 22. Nxe6 fxe6 23. Bxg6 1-0

[Event "HUN-chT 0203"]
[Site "Hungary"]
[Date "2002.12.08"]
[Round "4.12"]
[White "Palotai, Piroska"]
[Black "Grabics, Monika"]
[Result "0-1"]
[WhiteElo "2102"]
[BlackElo "2330"]
[PlyCount "90"]
[EventDate "2002.09.22"]
[EventType "team"]
[EventRounds "11"]
[EventCountry "HUN"]
[SourceTitle "EXT 2004"]
[Source "ChessBase"]
[SourceDate "2003.11.25"]
[SourceVersion "1"]
[SourceVersionDate "2003.11.25"]
[SourceQuality "1"]
[WhiteTeam "Honved Spectrum"]
[BlackTeam "Miskolc"]
[WhiteTeamCountry "HUN"]
[BlackTeamCountry "HUN"]

1. Nf3 c5 2. c4 Nc6 3. g3 e5 4. Nc3 f5 5. d3 Nf6 6. Bg2 g6 7. 0-0 Bg7 8. Ne1 0-0 9. Nc2 d6 10. Ne3 f4 11. Ned5 g5 12. Rb1 Be6 13. a3 Qd7 14. b4 Bh3 15. Bb2 Nd4 16. Ne4 Nxe4 17. dxe4 Nxe2+ 18. Qxe2 Bxg2 19. f3 Bxf1 20. Rxf1 fxg3 21. hxg3 Qh3 22. Ne7+ Kh8 23. Qg2 Qe6 24. Nd5 Rac8 25. b5 g4 26. f4 exf4 27. gxf4 Bd4+ 28. Bxd4+ cxd4 29. Qe2 g3 30. Qd3 Qh3 31. Qxd4+ Kg8 32. Qd2 Rxc4 33. Ne7+ Kf7 34. Nf5 Qh2+ 35. Qxh2 gxh2+ 36. Kxh2 Ke6 37. Ng3 Rc2+ 38. Kh3 Rc3 39. Kh4 Rxa3 40. f5+ Ke5 41. Rd1 Rg8 42. Rd5+ Kf4 43. Nh5+ Kf3 44. Nf6 Rg1 45. Rxd6 h6 0-1

[Event "Harkany Tenkes Cup 26th"]
[Site "Harkany"]
[Date "2002.11.21"]
[Round "8"]
[White "Portisch, Ferenc"]
[Black "Palotai, Piroska"]
[Result "1-0"]
[WhiteElo "2332"]
[BlackElo "2089"]
[PlyCount "67"]
[EventDate "2002.11.14"]
[EventType "swiss"]
[EventRounds "9"]
[EventCountry "HUN"]
[SourceTitle "EXT 2008"]
[Source "ChessBase"]
[SourceDate "2007.11.25"]
[SourceVersion "1"]
[SourceVersionDate "2007.11.25"]
[SourceQuality "1"]

1. d4 Nf6 2. c4 e6 3. Nf3 d5 4. Nc3 Bb4 5. e3 0-0 6. Bd3 c5 7. 0-0 Nc6 8. cxd5 cxd4 9. dxc6 dxc3 10. bxc3 Bxc3 11. Rb1 bxc6 12. Ba3 Re8 13. Qc2 Ba5 14. Rfd1 Qc7 15. Bd6 Qd8 16. Be5 Bd7 17. Bxf6 gxf6 18. Bxh7+ Kg7 19. Be4 Qc7 20. Nd4 Rh8 21. h3 Rac8 22. Nb3 Bb6 23. a4 Be8 24. Qc3 Rh5 25. Bf3 Ba5 26. Qc4 Rg5 27. h4 Re5 28. Nc5 Bb6 29. Nd3 Ra5 30. Nf4 Qe5 31. Nh5+ Kf8 32. Qg4 c5 33. Qg7+ Ke7 34. Nf4 1-0

[Event "Harkany Tenkes Cup 26th"]
[Site "Harkany"]
[Date "2002.11.16"]
[Round "3"]
[White "Weglarz, Leszek"]
[Black "Palotai, Piroska"]
[Result "1-0"]
[WhiteElo "2332"]
[BlackElo "2089"]
[PlyCount "59"]
[EventDate "2002.11.14"]
[EventType "swiss"]
[EventRounds "9"]
[EventCountry "HUN"]
[SourceTitle "EXT 2008"]
[Source "ChessBase"]
[SourceDate "2007.11.25"]
[SourceVersion "1"]
[SourceVersionDate "2007.11.25"]
[SourceQuality "1"]

1. Nf3 Nf6 2. g3 g6 3. Bg2 Bg7 4. 0-0 0-0 5. d3 c5 6. e4 d6 7. Nbd2 Nc6 8. c3 Qc7 9. Re1 b5 10. d4 cxd4 11. Nxd4 Nxd4 12. cxd4 Bb7 13. Nb3 Rac8 14. Bd2 Nd7 15. Rc1 Qb8 16. Qe2 a6 17. Bg5 Rfe8 18. Rxc8 Qxc8 19. Rc1 Qd8 20. Bd2 e5 21. Na5 Qb6 22. dxe5 Rxe5 23. Nxb7 Qxb7 24. Be3 b4 25. b3 Ra5 26. Qd2 Be5 27. h3 h5 28. Rc4 Bc3 29. Qxd6 Ne5 30. Qd8+ 1-0

[Event "Harkany Tenkes Cup 26th"]
[Site "Harkany"]
[Date "2002.11.15"]
[Round "2"]
[White "Palotai, Piroska"]
[Black "Prokopisin, Vasily"]
[Result "1/2-1/2"]
[WhiteElo "2089"]
[BlackElo "2356"]
[PlyCount "82"]
[EventDate "2002.11.14"]
[EventType "swiss"]
[EventRounds "9"]
[EventCountry "HUN"]
[SourceTitle "EXT 2008"]
[Source "ChessBase"]
[SourceDate "2007.11.25"]
[SourceVersion "1"]
[SourceVersionDate "2007.11.25"]
[SourceQuality "1"]

1. e4 c5 2. Nf3 e6 3. d4 cxd4 4. Nxd4 Nf6 5. Nc3 Nc6 6. Bg5 Bb4 7. Ndb5 0-0 8. a3 Ba5 9. Qf3 a6 10. Nd6 b5 11. Qg3 b4 12. axb4 Bxb4 13. Nxc8 Rxc8 14. Bd3 Bxc3+ 15. bxc3 e5 16. Rxa6 Kh8 17. Qh4 d6 18. 0-0 Nb8 19. Bxf6 gxf6 20. Ra8 Rg8 21. Rb1 Nd7 22. Ra7 Rc7 23. Rbb7 Rxb7 24. Rxb7 Rg7 25. g3 Nc5 26. Ra7 Ne6 27. Kf1 Ng5 28. Qg4 Ne6 29. Qh5 Qe8 30. Ke2 Rg6 31. Bc4 Qc8 32. Bd5 Kg7 33. Kd2 Qc5 34. Rxf7+ Kxf7 35. Qxh7+ Rg7 36. Bxe6+ Kxe6 37. Qxg7 Qxf2+ 38. Kc1 Qf1+ 39. Kb2 Qb5+ 40. Kc1 Qf1+ 41. Kb2 Qb5+ 1/2-1/2